Statistiques concernant Reliez les Ministres des Affaires étrangères à leur Président

Cliquez ici pour prendre le quiz!

Statistiques générales

  • Ce quiz a été pris 93 fois
  • Le résultat moyen est 6 sur 17

Statistiques - réponses

HintRéponse% Correct
Catherine ColonnaEmmanuel Macron
70%
Dominique de VillepinJacques Chirac
68%
Maurice Couve de MurvilleCharles de Gaulle
54%
Roland DumasFrançois Mitterrand
54%
Jean-Yves Le DrianEmmanuel Macron
52%
Laurent FabiusFrançois Hollande
52%
Bernard KouchnerNicolas Sarkozy
40%
Philippe Douste-BlazyJacques Chirac
30%
Jean SauvagnarguesValéry Giscard d'Estaing
24%
Hervé de CharetteJacques Chirac
22%
Alain JuppéFrançois Mitterrand
20%
Claude CheyssonFrançois Mitterrand
18%
Hubert VédrineJacques Chirac
18%
Louis de GuiringaudValéry Giscard d'Estaing
18%
Jean François-PoncetValéry Giscard d'Estaing
18%
Jean-Bernard RaimondFrançois Mitterrand
12%
Maurice SchumannGeorges Pompidou
10%

Distribution des résultats

Percentile par nombre de réponses

% des personnes avec chaque résultat

Votre développement - résultats

Vous n’avez pas pris ce quiz